Os Portugas no Dakar (Registo nº 724)

Detalhes MARC
000 -Etiqueta do registo
Cabeçalho 00804nam0a22003251i 4500
005 - Identificador da versão
Campo de controlo 20240813121811.0
010 ## - Número internacional normalizado dos livros (ISBN)
Número (ISBN) 9727702317
021 ## - Número do Depósito Legal
Código do país PT
Número 202393/03
035 ## - Other System Control Numbers
System Control Number 0000754
System Control Number 0000749
System Control Number 0000749
System Control Number 0000737
100 ## - Dados gerais de processamento
Dados gerais de processamento 20070928d2003 a e0pory5003 ba
102 ## - Pais de publicação ou produção
País de publicação Portugal
101 0# - Língua de publicação
Língua do texto, banda sonora, etc. Português
Língua do documento no original Português
106 ## - Campo de dados codificados: material textual
Dados codificados do material textual r
105 ## - Campo de dados codificados: livros
Dados codificados dos livros a z 001yy
215 ## - Descrição física 
Indicação específica da natureza do documento e extensão da espécie 47 p.
Outras indicações físicas il.
Dimensões cm
200 1# - Titulo e menção de responsabilidade
Título próprio Os Portugas no Dakar
Primeira menção de responsabilidade Elisabete Jacinto
Outras menções de responsabilidade il. Luís Pinto -Coelho
225 2# - Colecção 
Indicação de volume 1
205 ## - Menção da edição
Menção da edição 2ªed
210 ## - Publicação, Distribuição, etc. 
Lugar da edição, distribuição, etc. Lisboa
Nome do editor, distribuidor, etc. Plátano
Data da publicação, distribuição, etc. 2003
675 ## - Classificação Decimal Universal (CDU)
Notação 821.134.3-22(084.11)
Edição BN
Língua da edição por
701 #1 - Nome de autor-pessoa física (co-responsabilidade principal)
Palavra de ordem Pinto-Coelho
Outra parte do nome não tomada para palavra de ordem Luís
Código de função Ilustrador / Técnico de desenho computorizado
700 #1 - Nome de autor-pessoa física (responsabilidade principal)
Número de registo de entrada de autoridade 0000980
Palavra de ordem Jacinto
Outra parte do nome não tomada para palavra de ordem Elisabete
942 ## - Elementos de entrada adicionados (Koha)
Tipo de item no Koha Livro
Exemplares
Situação do levantamento Origin of item (home branch) (coded) Biblioteca de empréstimo Código de barras Cota Circulation type (not for loan) Tipo de documento Nota do exemplar Damaged status
  Biblioteca Escolar Eng. Nuno Mergulhão Biblioteca Escolar Eng. Nuno Mergulhão BENM1213 BD   Livro Sem mensagem